Super Bowl Halftime Show Performers Quiz Stats

 Plays Quiz not verified by Sporcle

Score 0/44 Timer 15:00
0 Plays Today
Super Bowl Performer(s) % Correct
Super Bowl XXXVIIIJanet Jackson and Justin Timberlake
88%
Super Bowl XLIVThe Who
80.7%
Super Bowl XXVIIMichael Jackson
74.1%
Super Bowl XLThe Rolling Stones
72.3%
Super Bowl XLIIIBruce Springsteen and the E Street Band
60.8%
Super Bowl XLIPrince
56.6%
Super Bowl XXXIXPaul McCartney
54.2%
Super Bowl XLIITom Petty and the Heartbreakers
52.4%
Super Bowl XXXVAerosmith and NSYNC
50%
Super Bowl XXXVIU2
47%
Super Bowl XXVIIIClint Black, Tanya Tucker, Travis Tritt, Wynonna, Naomi Judd
22.3%
Super Bowl XXXIVPhil Collins, Christina Aguilera, Enrique Iglesias, Toni Braxton
18.7%
Super Bowl XXXIIIStevie Wonder, Gloria Estefan, Big Bad Voodoo Daddy
18.1%
Super Bowl XXXDiana Ross
16.3%
Super Bowl XXXVIIShania Twain and No Doubt
14.5%
Super Bowl XXXIThe Blues Brothers, John Goodman, ZZ Top, James Brown
12.7%
Super Bowl XXUp With People
10.8%
Super Bowl XUp With People
10.8%
Super Bowl XIVUp With People
10.8%
Super Bowl XVIUp With People
10.8%
Super Bowl XXXIIBoyz II Men, Smokey Robinson, Martha Reeves, Temptations, Queen Latifah
9%
Super Bowl XXVIGloria Estefan, Brian Boitano, Dorothy Hamill
7.2%
Super Bowl Performer(s) % Correct
Super Bowl XXVNew Kids On The Block
7.2%
Super Bowl IIGrambling University Band
6%
Super Bowl XXIXPatti LaBelle, Tony Bennett, Arturo Sandoval, Miami Sound Machine
4.8%
Super Bowl XXIIChubby Checker, The Rockettes, and 88 Pianos
4.8%
Super Bowl VIElla Fitzgerald, Carol Channing, Al Hirt, and the U.S. Marine Corps Drill Team
2.4%
Super Bowl III'America Thanks' with Florida A&M University
1.8%
Super Bowl XIITyler Apache Belles, Pete Fountain, and Al Hirt
1.8%
Super Bowl IVCarol Channing
1.2%
Super Bowl IXMercer Ellington and Grambling Unversity Bands
1.2%
Super Bowl IUniversity of Arizona Marching Band
0.6%
Super Bowl VIIUniversity of Michigan Band and Woody Herman
0.6%
Super Bowl XXIVPete Fountain, Doug Kershaw, Irma Thomas
0%
Super Bowl XXIIISouthern Florida Dancers
0%
Super Bowl XXISouthern California High School Drill Team and Dancers
0%
Super Bowl VAnita Bryant and the Southeast Missouri State College Marching Band
0%
Super Bowl VIIIUniversity of Texas Band
0%
Super Bowl XILos Angeles Unified All-City Band
0%
Super Bowl XIIIKen Hamilton and Caribbean Bands
0%
Super Bowl XVHelen O'Connell and the Southern University Band
0%
Super Bowl XVIILos Angeles Super Drill Team
0%
Super Bowl XVIIIUniversity of Florida and Florida State Bands
0%
Super Bowl XIXUS Air Force Band
0%

You're not logged in!

Compare scores with friends on all Sporcle quizzes.
OR
Log In

Show Comments

Extras

Top Quizzes Today


Score Distribution

Your Account Isn't Verified!

In order to create a playlist on Sporcle, you need to verify the email address you used during registration. Go to your Sporcle Settings to finish the process.

Report this User

Report this user for behavior that violates our Community Guidelines.

Details: